Responsabilidade civil e comunicaȯ̂

Bibliographic Details
Main Author: Rosenvald, Nelson
Other Authors: Miranda Barbosa, Mafalda, Muniz, Francisco
Format: eBook
Language:Portuguese
Published: Indaiatuba: Editora Foco, 2021
Subjects:
Online Access:Acceso restringido

MARC

LEADER 00000nam a22000007a 4500
005 20220503232636.0
007 cr|||| ||||
008 220503s2021 br |||||s|||| 00||0 por d
020 |a 78-65-5515-333-0 
035 |a 36254 
040 |a vLex 
090 |c 13264  |d 13264 
100 1 |a Rosenvald, Nelson 
245 1 0 |a Responsabilidade civil e comunicaȯ̂  |h [Recurso electrn̤ico] /  |c Nelson Rosenvald, Mafalda Miranda Barbosa, Francisco Muniz 
256 |a Servicio en ln̕ea 
260 |a Indaiatuba:  |b Editora Foco,  |c 2021 
300 |a 1 recurso electrn̤ico 
506 1 |a Disponible solo en los productos indicados  |d vLex Global  |d vLex Global (Academic Edition, excluding Law Schools)  |d vLex Global (U.S. Academic Edition, Law Schools)  |d vLex Global (U.S. Academic Edition, excluding Law Schools)  |d vLex Global (Academic Edition, Law Schools) 
650 0 4 |a Derecho Civil  |z Brasil 
700 1 |a Miranda Barbosa, Mafalda 
700 1 |a Muniz, Francisco 
740 0 |a vLex Libros (Servicio en ln̕ea) 
856 4 0 |u https://app.vlex.com/#/sources/36254  |z Acceso restringido 
942 |c BOOK 
999 0 |a Civil Law